busyhead - noah kahan lyrics - Statistics

General Stats
  • This quiz has been taken 43 times
  • The average score is 211 of 289
Answer Stats
Answer % Correct
a
100%
be
100%
busyhead
100%
in
100%
on
100%
the
100%
when
100%
you
100%
your
100%
you’re
100%
all
94%
head
94%
inside
94%
speak
94%
weak
94%
an
88%
and
88%
nervous
88%
no
88%
wait
88%
wrong
88%
alone
82%
can
82%
can’t
82%
like
82%
lose
82%
so
82%
space
82%
surface
82%
to
82%
yourself
82%
away
76%
bed
76%
day
71%
hide
71%
miles
71%
million
71%
perseverate
71%
plans
71%
weakness
71%
words
71%
are
65%
big
65%
leave
65%
might
65%
right
65%
secrets
65%
small
65%
stand
65%
them
65%
throw
65%
witnesses
65%
bridges
59%
burn
59%
disguise
59%
next
59%
oh
59%
bad
53%
days
53%
for
53%
it
53%
keep
53%
news
53%
tattoos
53%
alibi
47%
artist
47%
dark
47%
darkness
47%
enough
47%
faded
47%
fast
47%
just
47%
lie
47%
of
47%
poet
47%
seem
47%
sleep
47%
spend
47%
tell
47%
breathing
41%
by
41%
edge
41%
give
41%
its
41%
mind
41%
moment
41%
shake
41%
truth
41%
where
41%
break
35%
cause
35%
find
35%
going
35%
good
35%
you’ve
35%
abyss
29%
but
29%
dream
29%
fall
29%
grace
29%
nowhere
29%
peace
29%
time
29%
we’re
29%
been
24%
bound
24%
gone
24%
if
24%
into
24%
presence
24%
take
24%
waiting
24%
you’ll
24%
home
18%
lately
18%
message
18%
size
18%
upon
18%
along
12%
defined
12%
stare
12%
move
6%
proud
6%
wonder
6%
below
0%
through
0%
No matching quizzes found
Score Distribution
Percent of People with Each Score
Percentile by Number Answered
Your Score History
You have not taken this quiz